Changing customs challenges and strategies for the reform of customs administration
Saved in:
| Other Authors: | |
|---|---|
| Format: | Book |
| Language: | English |
| Published: |
Washington
IMF
2003
|
| Subjects: | |
| Tags: |
No Tags, Be the first to tag this record!
|
MARC
| LEADER | 00000nam$a2200000$$$4500 | ||
|---|---|---|---|
| 001 | 0003047 | ||
| 005 | 20240104133154.6 | ||
| 020 | |a 1-58906-211-6 | ||
| 041 | 0 | |a eng | |
| 044 | |a US | ||
| 245 | 1 | 0 | |a Changing customs |b challenges and strategies for the reform of customs administration |c Editor Michael Keen |
| 264 | 1 | |a Washington |b IMF |c 2003 | |
| 300 | |a 187 s. | ||
| 610 | 2 | 0 | |a colníctvo |
| 610 | 2 | 0 | |a konanie colné |
| 610 | 2 | 0 | |a právo colné |
| 610 | 2 | 0 | |a politika colná |
| 610 | 2 | 0 | |a obchod medzinárodný |
| 610 | 2 | 0 | |a politika obchodná |
| 610 | 2 | 0 | |a správa colná |
| 700 | 1 | |a Keen, Michael | |